| 000 | 03213 a2200169 4500 | ||
|---|---|---|---|
| 003 | OSt | ||
| 005 | 20260204123025.0 | ||
| 008 | 260204b |||||||| |||| 00| 0 eng d | ||
| 020 | _a9789395664486 | ||
| 100 |
_aकुंटे एस. _9216594 |
||
| 245 | _aसंस्कार कथा | ||
| 260 |
_bभारतीय विचार साधना प्रकाशन _c2024 _aपुणे |
||
| 300 | _a216PP. | ||
| 500 | _aव्यक्तिमत्त्व विकास: नैतिक मूल्ये रुजवून उत्तम नागरिक घडवण्यास मदत करतात. मानसिक जडणघडण: संकटांशी लढण्याची चिकाटी आणि योग्य निर्णय घेण्याची क्षमता निर्माण करतात. संस्कृतीचे ज्ञान: भारतीय परंपरा आणि सुसंस्कृतपणा शिकवतात. ज्ञानात भर: मराठी वाचनाची आवड निर्माण करतात. | ||
| 520 | _aमराठी संस्कार कथा मुलांमध्ये नैतिक मूल्ये, चांगली संस्कृती, शिष्टाचार आणि प्रामाणिकपणा रुजवण्यासाठी अत्यंत उपयुक्त आहेत. या कथांमधून त्याग, प्रेम, संयम, चिकाटी आणि आदर यांसारखे गुण शिकायला मिळतात. "श्यामची आई" किंवा गोष्टींच्या रूपातील बोधकथा, बाळू आणि आजी सारख्या कथा, लहान वयात योग्य दिशा देण्यास मदत करतात. YouTube +3 मराठीतील काही निवडक संस्कार कथा प्रकार: बोधकथा: लहान मुलांसाठी प्राण्यांच्या किंवा काल्पनिक पात्रांच्या गोष्टी ज्यातून चांगला बोध मिळतो. ऐतिहासिक गोष्टी: छत्रपती शिवाजी महाराज, संभाजी महाराज, अहिल्याबाई होळकर यांच्या गोष्टी, ज्यातून शौर्य आणि नीतिनियम शिकता येतात. कौटुंबिक कथा: आजी-आजोबांच्या गोष्टी, 'श्यामची आई' मधील प्रसंगांतून मिळणारी शिकवण. नैतिक मूल्यांच्या कथा: प्रामाणिकपणा, मदत करण्याची वृत्ती, मोठ्यांचा आदर करणे या विषयांवर आधारित कथा. | ||
| 942 |
_cBK _2ddc |
||
| 999 |
_c370170 _d370170 |
||